000
00244nam a22001097a 4500
040
_c
SK
082
_a
664
100
_a
FAO
245
_a
Appropriate food packaging solutions for developing countries
260
_a
GERMANY
_b
FAO
_c
2011
942
_c
EK
999
_c
9252
_d
9252